Score 0/20 Timer 02:00
0 Plays Today
Michael Jackson Song Missing Word % Correct
___ or WhiteBlack
97.3%
Billie ___Jean
96.6%
P.Y.T (Pretty ___ Thing)Young
94.4%
The Way You Make Me ___Feel
93.2%
I Just Can't Stop ___ YouLoving
88.6%
Man in the ___Mirror
88%
___ ItBeat
85.8%
Don't Stop Til You Get ___Enough
83%
___ CriminalSmooth
82.5%
This Is __It
78.4%
Michael Jackson Song Missing Word % Correct
We Are the ___World
75%
Leave Me ___Alone
74.2%
Blood on the ___ FloorDance
72%
The Girl Is ___Mine
69.6%
Off the ___Wall
61.7%
Dirty ___Diana
51.2%
___ Be Startin' Somethin'Wanna
45.2%
Human ___Nature
40.3%
___ With YouRock
39.7%
___ the TimeRemember
33.9%

Today's Daily Dose

Remove Ads.
Support Sporcle.
Get the best of Sporcle when you Go Orange. This ad-free experience offers more features, more stats, and more fun while also helping to support Sporcle. Thank you for becoming a member.

You're not logged in!

Compare scores with friends on all Sporcle quizzes.
OR
Log In

Show Comments

Extras

Top Quizzes Today


Score Distribution

Your Account Isn't Verified!

In order to create a playlist on Sporcle, you need to verify the email address you used during registration. Go to your Sporcle Settings to finish the process.

Report this User

Report this user for behavior that violates our Community Guidelines.

Details: